Grandes de lo macabro / (Registro nro. 4505)

Detalles MARC
000 -LEADER
fixed length control field 00931nam a2200229Ia 4500
003 - CONTROL NUMBER IDENTIFIER
control field OSt
005 - DATE AND TIME OF LATEST TRANSACTION
control field 20200615144111.0
008 - FIXED-LENGTH DATA ELEMENTS--GENERAL INFORMATION
fixed length control field 191128s2009 sp a gr 000 j spa d
020 ## - INTERNATIONAL STANDARD BOOK NUMBER
International Standard Book Number 9788466642712
040 ## - CATALOGING SOURCE
Original cataloging agency CO-JMCR
Transcribing agency CO-JMCR
041 0# - LANGUAGE CODE
Language code of text/sound track or separate title spa
082 04 - DEWEY DECIMAL CLASSIFICATION NUMBER
Classification number H /
Item number BOIg
100 1# - MAIN ENTRY--PERSONAL NAME
Personal name Boix, Juan,
Relator term autor
9 (RLIN) 5618
245 10 - TITLE STATEMENT
Title Grandes de lo macabro /
Statement of responsibility, etc. Joan Boix
250 ## - EDITION STATEMENT
Edition statement 1a. Edición
260 ## - PUBLICATION, DISTRIBUTION, ETC.
Place of publication, distribution, etc. Barcelona :
Name of publisher, distributor, etc. Ediciones B,
Date of publication, distribution, etc. 2009
300 ## - PHYSICAL DESCRIPTION
Extent 156 páginas :
Other physical details principalmente ilustraciones a blanco y negro ;
Dimensions 24 cm.
500 ## - GENERAL NOTE
General note "Relatos de terror adaptados al cómic"--tapa
520 ## - SUMMARY, ETC.
Summary, etc. Basado en relatos clásicos de terror como la metamorfosis, el caso del señor Valdemar, El perro, El sabueso, La cruz del diablo, El caso de lady Sannox… Joan Boix adapta magistralemente al cómic a los grandes maestros del género junto a historias de creac
650 14 - SUBJECT ADDED ENTRY--TOPICAL TERM
Topical term or geographic name entry element Literatura española
9 (RLIN) 5619
942 ## - ADDED ENTRY ELEMENTS (KOHA)
Source of classification or shelving scheme Dewey Decimal Classification
Koha item type Books
Existencias
Withdrawn status Lost status Source of classification or shelving scheme Damaged status Not for loan Collection code Home library Current library Date acquired Source of acquisition Cost, normal purchase price Total Checkouts Total Renewals Full call number Barcode Date last seen Date last checked out Copy number Koha item type
    Dewey Decimal Classification     Fiction Biblioteca Pública José María del Castillo y Rada Biblioteca Pública José María del Castillo y Rada 11/28/2019 Donación 0.00 16 2 H / BOIg 201809370 08/19/2025 08/15/2025 Ej.1 Books